[Event "Villa Ballester op 51st"]
[Site "Villa Ballester"]
[Date "2001.??.??"]
[Round "3"]
[White "Ginzburg, Maximiliano"]
[Black "Cubas, Jose Fernando"]
[Result "1-0"]
[WhiteElo "2406"]
[BlackElo "2280"]
[PlyCount "111"]
[EventDate "2001.01.02"]
[EventType "swiss"]
[EventRounds "9"]
[EventCountry "ARG"]
[SourceTitle "CBM 080 Extra"]
[Source "ChessBase"]
[SourceDate "2001.03.08"]
[SourceVersion "1"]
[SourceVersionDate "2001.03.08"]
[SourceQuality "1"]

1. e4 c5 2. Nf3 d6 3. d4 cxd4 4. Nxd4 Nf6 5. Nc3 a6 6. f4 e5 7. Nf3 Nbd7 8. a4
Qc7 9. Bd3 g6 10. O-O Bg7 11. Kh1 O-O 12. Qe1 b6 13. Qh4 Bb7 14. fxe5 dxe5 15.
Bh6 Nh5 16. Bxg7 Kxg7 17. Ng5 Ndf6 18. Rf3 Rae8 19. Raf1 h6 20. Nh3 Re6 21. Qe1
Qc5 22. b3 b5 23. axb5 axb5 24. Nf2 Bc6 25. Na2 Nf4 26. Nb4 Bb7 27. c3 Rd8 28.
Bc2 Qe7 29. g3 N4h5 30. Kg1 Qc5 31. Nbd3 Qc7 32. b4 Nh7 33. Nc5 Rf6 34. Rxf6
N5xf6 35. Qe2 Bc6 36. Bb3 h5 37. h4 Qd6 38. Rd1 Qe7 39. Rxd8 Qxd8 40. Bxf7 Kxf7
41. Qa2+ Bd5 42. exd5 Qxd5 43. Qa7+ Kg8 44. Qb8+ Nf8 45. Qxb5 N8d7 46. c4 Qd4
47. Nxd7 Nxd7 48. Qc6 Kg7 49. Qe4 Qc3 50. Qb7 Qd4 51. c5 Kh6 52. c6 Nf6 53. c7
Ng4 54. Qf3 Nxf2 55. Qxf2 Qd1+ 56. Kh2 1-0

[Event "Villa Ballester op 51st"]
[Site "Villa Ballester"]
[Date "2001.??.??"]
[Round "5"]
[White "Sorin, Ariel"]
[Black "Cubas, Jose Fernando"]
[Result "1-0"]
[WhiteElo "2486"]
[BlackElo "2280"]
[PlyCount "89"]
[EventDate "2001.01.02"]
[EventType "swiss"]
[EventRounds "9"]
[EventCountry "ARG"]
[SourceTitle "CBM 080 Extra"]
[Source "ChessBase"]
[SourceDate "2001.03.08"]
[SourceVersion "1"]
[SourceVersionDate "2001.03.08"]
[SourceQuality "1"]

1. d4 d5 2. c4 c6 3. cxd5 cxd5 4. Nc3 Nf6 5. Bf4 Nc6 6. e3 a6 7. Rc1 g6 8. Nf3
Bg7 9. Be2 O-O 10. Ne5 Nxe5 11. Bxe5 Ne4 12. Bxg7 Nxc3 13. Rxc3 Kxg7 14. Qb3
Bf5 15. Qxb7 Rb8 16. Qxa6 Rxb2 17. Qa3 Qb6 18. Bd1 Rc8 19. Rxc8 Bxc8 20. O-O
Ba6 21. Re1 Rb1 22. f3 e5 23. Qc3 exd4 24. exd4 Rb4 25. Bb3 Qxd4+ 26. Qxd4+
Rxd4 27. Rd1 Rxd1+ 28. Bxd1 Kf6 29. Kf2 Ke5 30. Ke3 d4+ 31. Kd2 f5 32. Be2 Bb7
33. a4 g5 34. a5 h6 35. a6 Bc6 36. f4+ Kxf4 37. Bf3 Bxf3 38. gxf3 Kxf3 39. a7
Kg2 40. a8=Q+ Kxh2 41. Qf3 g4 42. Qxf5 g3 43. Qh5+ Kg1 44. Qxh6 g2 45. Qh4 1-0

[Event "Villa Ballester op 51st"]
[Site "Villa Ballester"]
[Date "2001.??.??"]
[Round "8"]
[White "Cubas, Jose Fernando"]
[Black "Scarella, Enrique Alejandro"]
[Result "1-0"]
[WhiteElo "2280"]
[BlackElo "2349"]
[PlyCount "99"]
[EventDate "2001.01.02"]
[EventType "swiss"]
[EventRounds "9"]
[EventCountry "ARG"]
[SourceTitle "CBM 080 Extra"]
[Source "ChessBase"]
[SourceDate "2001.03.08"]
[SourceVersion "1"]
[SourceVersionDate "2001.03.08"]
[SourceQuality "1"]

1. e4 d5 2. exd5 Nf6 3. d4 Nxd5 4. c4 Nb6 5. Nc3 e5 6. Qe2 Qxd4 7. Nf3 Qg4 8.
Qxe5+ Qe6 9. Bf4 Nc6 10. Qxe6+ Bxe6 11. O-O-O Rd8 12. Rxd8+ Kxd8 13. Ng5 Bd6
14. Nxe6+ fxe6 15. Be3 Be5 16. Ne4 Nd7 17. Ng5 Ke7 18. Bd3 h6 19. Nf3 Bd6 20.
Be4 Nd8 21. Re1 Bc5 22. Nd4 Rf8 23. Bf3 e5 24. Nc2 Bxe3+ 25. Nxe3 c6 26. Ng4
Ke6 27. Rd1 h5 28. Ne3 Nf6 29. c5 Nf7 30. Be2 g6 31. Bc4+ Ke7 32. b4 a5 33. a3
axb4 34. axb4 e4 35. Bxf7 Rxf7 36. Rd4 Ke6 37. Rd6+ Ke7 38. Rd4 Ke6 39. Kd2 Ke5
40. Rd8 Nd5 41. Nxd5 cxd5 42. Ke3 Re7 43. h4 Re6 44. b5 Re7 45. f4+ exf3 46.
gxf3 b6 47. c6 Ra7 48. Re8+ Kd6 49. Kf4 Ra5 50. Rd8+ 1-0

[Event "Villa Ballester op 51st"]
[Site "Villa Ballester"]
[Date "2001.??.??"]
[Round "9"]
[White "Tempone, Marcelo"]
[Black "Cubas, Jose Fernando"]
[Result "1-0"]
[WhiteElo "2423"]
[BlackElo "2280"]
[PlyCount "153"]
[EventDate "2001.01.02"]
[EventType "swiss"]
[EventRounds "9"]
[EventCountry "ARG"]
[SourceTitle "CBM 080 Extra"]
[Source "ChessBase"]
[SourceDate "2001.03.08"]
[SourceVersion "1"]
[SourceVersionDate "2001.03.08"]
[SourceQuality "1"]

1. c4 Nf6 2. Nc3 e5 3. g3 d5 4. cxd5 Nxd5 5. Bg2 Nb6 6. d3 Be7 7. Nf3 Nc6 8.
O-O O-O 9. a4 a5 10. Be3 Be6 11. Rc1 Rc8 12. Ne4 Nd7 13. d4 Bd5 14. Nxe5 Ndxe5
15. dxe5 Nxe5 16. Qc2 f5 17. Nc3 Bxg2 18. Kxg2 Kh8 19. Rfd1 Qe8 20. Nd5 Bd6 21.
h3 Ng6 22. Bf4 Bxf4 23. Nxf4 Nxf4+ 24. gxf4 Rf6 25. Kh2 c6 26. e3 Qf7 27. Qd2
Rf8 28. Qxa5 Qh5 29. Rg1 Rh6 30. Rg3 Qe2 31. Qc3 Rg6 32. Rc2 Qf1 33. Qb4 Re8
34. Rxg6 hxg6 35. Qxb7 Rd8 36. Qxc6 Rd1 37. Qg2 Qe1 38. Rc8+ Kh7 39. Rc6 Kh8
40. Rc8+ Kh7 41. h4 Rd6 42. b3 Qd1 43. Rc6 Rxc6 44. Qxc6 Qxb3 45. Qd7 Qc2 46.
Kg2 Qe4+ 47. Kf1 Qb1+ 48. Ke2 Qc2+ 49. Ke1 Qc1+ 50. Qd1 Qc3+ 51. Kf1 Qc4+ 52.
Kg1 Qb4 53. h5 Kh6 54. hxg6 Kxg6 55. Qc2 Qa5 56. Kg2 Qd5+ 57. f3 Kh6 58. Kg3
Qa5 59. Kf2 g6 60. Qb2 Kh7 61. Qd4 Qc7 62. Qd2 Qc5 63. a5 Qb5 64. Qa2 Qa6 65.
Qa3 Kg7 66. Ke1 Kh7 67. Kd2 Qf1 68. a6 Qf2+ 69. Kd3 Qxf3 70. Qe7+ Kh6 71. a7
Qd5+ 72. Kc3 Qa5+ 73. Kc4 Qa4+ 74. Kd5 Qa5+ 75. Ke6 Qa2+ 76. Kf6 Qb2+ 77. Kf7
1-0

[Event "Baleares-ch"]
[Site "Cala Mendia"]
[Date "2001.04.08"]
[Round "1"]
[White "Cubas Pons, Juan Miguel"]
[Black "Mascaro March, Pedro"]
[Result "1-0"]
[WhiteElo "2260"]
[BlackElo "2308"]
[PlyCount "59"]
[EventDate "2001.04.08"]
[EventType "tourn"]
[EventRounds "7"]
[EventCountry "ESP"]
[SourceTitle "CBM 082 Extra"]
[Source "ChessBase"]
[SourceDate "2001.07.03"]
[SourceVersion "1"]
[SourceVersionDate "2001.07.03"]
[SourceQuality "1"]

1. e4 Nc6 2. d4 d6 3. Be3 Nf6 4. f3 e5 5. d5 Nb8 6. Qd2 Be7 7. Nc3 a6 8. O-O-O
c6 9. g4 cxd5 10. exd5 b5 11. h4 Bb7 12. a3 Nbd7 13. g5 Nh5 14. Nge2 Nb6 15.
Bxb6 Qxb6 16. f4 exf4 17. Nxf4 Ng3 18. Rg1 Nxf1 19. Rgxf1 O-O 20. Ne4 Kh8 21.
h5 Rac8 22. Rde1 Rc4 23. Qh2 Rfc8 24. c3 Bf8 25. Ng6+ Kg8 26. Nf6+ gxf6 27.
gxf6 Bh6+ 28. Kb1 Bxd5 29. Ne7+ Kh8 30. Qg3 1-0

[Event "Baleares-ch"]
[Site "Cala Mendia"]
[Date "2001.04.09"]
[Round "2"]
[White "Gaya Llodra, Juan"]
[Black "Cubas Pons, Juan Miguel"]
[Result "0-1"]
[WhiteElo "2245"]
[BlackElo "2260"]
[PlyCount "70"]
[EventDate "2001.04.08"]
[EventType "tourn"]
[EventRounds "7"]
[EventCountry "ESP"]
[SourceTitle "CBM 082 Extra"]
[Source "ChessBase"]
[SourceDate "2001.07.03"]
[SourceVersion "1"]
[SourceVersionDate "2001.07.03"]
[SourceQuality "1"]

1. d4 f5 2. g3 Nf6 3. Bg2 d6 4. c4 g6 5. Nc3 Bg7 6. d5 O-O 7. Nh3 Nbd7 8. Nf4
Ne5 9. Qb3 Bd7 10. h4 Rb8 11. h5 c5 12. Bd2 a6 13. a4 Ne8 14. hxg6 hxg6 15. Ne6
Bxe6 16. dxe6 Nc7 17. Bd5 Nc6 18. e4 Nd4 19. Qd1 Ndxe6 20. exf5 Rxf5 21. Qg4
Nxd5 22. Nxd5 Kf7 23. O-O-O Qd7 24. Rde1 Rh8 25. Rxh8 Bxh8 26. Nb6 Qe8 27. Qe4
Nd4 28. f4 Rh5 29. Bc3 Nb3+ 30. Kc2 Bxc3 31. Qe6+ Kg7 32. Kxc3 Na5 33. Qxe7+
Qxe7 34. Rxe7+ Kf6 35. Nd5+ Rxd5 0-1

[Event "Baleares-ch"]
[Site "Cala Mendia"]
[Date "2001.04.10"]
[Round "3"]
[White "Cubas Pons, Juan Miguel"]
[Black "Pons Servera, Cristobal"]
[Result "0-1"]
[WhiteElo "2260"]
[BlackElo "2221"]
[PlyCount "96"]
[EventDate "2001.04.08"]
[EventType "tourn"]
[EventRounds "7"]
[EventCountry "ESP"]
[SourceTitle "CBM 082 Extra"]
[Source "ChessBase"]
[SourceDate "2001.07.03"]
[SourceVersion "1"]
[SourceVersionDate "2001.07.03"]
[SourceQuality "1"]

1. e4 c5 2. Nf3 Nc6 3. d4 cxd4 4. Nxd4 Nf6 5. Nc3 e5 6. Ndb5 d6 7. Bg5 a6 8.
Na3 b5 9. Nd5 Qa5+ 10. Bd2 Qd8 11. Bg5 Qa5+ 12. Bd2 Qd8 13. c4 b4 14. Nxf6+
gxf6 15. Bxb4 Nxb4 16. Qa4+ Bd7 17. Qxb4 Rb8 18. Qc3 d5 19. Nc2 d4 20. Qd2 Rxb2
21. a3 Ba4 22. Bd3 Qb6 23. O-O h5 24. Qe2 Bh6 25. c5 Qxc5 26. Rab1 Qc3 27. Rxb2
Qxb2 28. Qf3 Bxc2 29. Bxc2 Qxc2 30. Qxf6 Rh7 31. Qxe5+ Kf8 32. Qxd4 Kg8 33. Qd5
Bf8 34. Qa8 Rh6 35. h3 Qc6 36. Qd8 Qxe4 37. Rc1 Rg6 38. g3 Rxg3+ 39. fxg3 Qe3+
40. Kg2 Qxc1 41. a4 Qc6+ 42. Kh2 Qc5 43. h4 Qf2+ 44. Kh3 Qf5+ 45. Kg2 a5 46.
Qd4 Bc5 47. Qd2 Qe4+ 48. Kh2 Qe3 0-1

[Event "Baleares-ch"]
[Site "Cala Mendia"]
[Date "2001.04.12"]
[Round "5"]
[White "Cubas Pons, Juan Miguel"]
[Black "March Morla, Xavier"]
[Result "1-0"]
[WhiteElo "2260"]
[BlackElo "2129"]
[PlyCount "81"]
[EventDate "2001.04.08"]
[EventType "tourn"]
[EventRounds "7"]
[EventCountry "ESP"]
[SourceTitle "CBM 082 Extra"]
[Source "ChessBase"]
[SourceDate "2001.07.03"]
[SourceVersion "1"]
[SourceVersionDate "2001.07.03"]
[SourceQuality "1"]

1. e4 c5 2. Nf3 d6 3. d4 cxd4 4. Nxd4 Nf6 5. Nc3 a6 6. Be3 e5 7. Nb3 Be6 8. f3
Nbd7 9. Qd2 b5 10. a4 b4 11. Nd5 Bxd5 12. exd5 Nb6 13. Bxb6 Qxb6 14. a5 Qb7 15.
Bc4 Be7 16. Ra4 Rb8 17. Qd3 Ra8 18. Qd2 Rb8 19. Nc1 O-O 20. Na2 Nd7 21. Rxb4
Qc7 22. b3 Qc5 23. Ra4 e4 24. fxe4 Bf6 25. Rf1 Rfe8 26. Be2 h6 27. Rf2 Bg5 28.
Qd3 Qa7 29. Rc4 Nc5 30. Qf3 Qe7 31. Nb4 Rxb4 32. Rxb4 Nxe4 33. Rxe4 Qxe4 34.
Qxe4 Rxe4 35. c3 Re5 36. b4 Rxd5 37. Bxa6 Bf6 38. Rxf6 gxf6 39. Bb7 Rd3 40. a6
Rxc3 41. a7 1-0

[Event "Baleares-ch"]
[Site "Cala Mendia"]
[Date "2001.04.13"]
[Round "6"]
[White "Cubas Pons, Juan Miguel"]
[Black "Galiana Salom, Juan Ramon"]
[Result "0-1"]
[WhiteElo "2260"]
[BlackElo "2680"]
[PlyCount "118"]
[EventDate "2001.04.08"]
[EventType "tourn"]
[EventRounds "7"]
[EventCountry "ESP"]
[SourceTitle "CBM 082 Extra"]
[Source "ChessBase"]
[SourceDate "2001.07.03"]
[SourceVersion "1"]
[SourceVersionDate "2001.07.03"]
[SourceQuality "1"]

1. e4 c5 2. Nf3 d6 3. d4 cxd4 4. Nxd4 Nf6 5. Nc3 a6 6. Be3 e5 7. Nb3 Be6 8. f3
Nbd7 9. Qd2 h5 10. O-O-O b5 11. Kb1 Be7 12. Nd5 Nxd5 13. exd5 Bf5 14. Na5 Qc7
15. Nc6 Rc8 16. Bd3 Bxd3 17. Qxd3 Nf6 18. Nxe7 Qxe7 19. Bg5 Qc7 20. Bxf6 gxf6
21. Rhe1 Rg8 22. g3 Qc4 23. Qf5 Rg5 24. Qxf6 Qxc2+ 25. Ka1 Qg6 26. Qf4 Rf5 27.
Qe3 Qf6 28. f4 Kf8 29. Rc1 Rxc1+ 30. Qxc1 exf4 31. gxf4 Rxf4 32. Qc8+ Kg7 33.
Rg1+ Rg4 34. Rxg4+ hxg4 35. Qxg4+ Qg6 36. Qd4+ Qf6 37. Qg4+ Kh6 38. Qh3+ Kg6
39. Qg3+ Kh5 40. Qh3+ Qh4 41. Qf5+ Kh6 42. a3 Kg7 43. h3 a5 44. Qd3 b4 45. a4
Qf2 46. Ka2 f5 47. Qb5 Qc5 48. Qd7+ Kf6 49. Qe6+ Kg5 50. Kb3 Kf4 51. h4 Qe3+
52. Kc4 Qc1+ 53. Kb5 Qxb2 54. Kxa5 b3 55. Qxd6+ Kf3 56. Qh6 Qc3+ 57. Kb5 Qd3+
58. Kb4 b2 59. Qh5+ Kf2 0-1

[Event "Baleares-ch"]
[Site "Cala Mendia"]
[Date "2001.04.14"]
[Round "7"]
[White "Tattersall Rodriguez, Lester Antonio"]
[Black "Cubas Pons, Juan Miguel"]
[Result "1/2-1/2"]
[WhiteElo "2328"]
[BlackElo "2260"]
[PlyCount "149"]
[EventDate "2001.04.08"]
[EventType "tourn"]
[EventRounds "7"]
[EventCountry "ESP"]
[SourceTitle "CBM 082 Extra"]
[Source "ChessBase"]
[SourceDate "2001.07.03"]
[SourceVersion "1"]
[SourceVersionDate "2001.07.03"]
[SourceQuality "1"]

1. Nf3 d5 2. g3 Nf6 3. Bg2 Bg4 4. O-O Nbd7 5. d3 e6 6. Nbd2 Be7 7. c3 O-O 8.
Qc2 c5 9. e4 Rc8 10. Re1 b5 11. h3 Bh5 12. Nh2 c4 13. e5 Ne8 14. d4 b4 15. f4
Bg6 16. Qa4 Nb6 17. Qa5 bxc3 18. bxc3 Qd7 19. a4 Rb8 20. Ba3 Nc8 21. g4 Bxa3
22. Rxa3 Rb2 23. Nhf1 Bd3 24. Nf3 Ne7 25. Ng3 Nc6 26. Qc5 Nc7 27. f5 Rfb8 28.
Bf1 Ne8 29. Bxd3 cxd3 30. Rd1 Rc8 31. Raa1 Qb7 32. Qa3 Na5 33. Rac1 d2 34. Rxd2
Rb3 35. Qa1 Rb6 36. Rdd1 Nb3 37. Qa3 Nxc1 38. Rxc1 Rb3 39. Qa1 Qa6 40. Ne1 Qc4
41. Kf2 Rxc3 42. Qxc3 Qxc3 43. Rxc3 Rxc3 44. Ne2 Ra3 45. h4 Rxa4 46. Nd3 Nc7
47. h5 Rc4 48. Ke3 a5 49. Nb2 Rc2 50. Na4 Na6 51. Kd3 Nb4+ 52. Ke3 Kf8 53. fxe6
fxe6 54. g5 Kf7 55. Nc5 Rc4 56. Nb7 a4 57. Nd6+ Ke7 58. Nxc4 dxc4 59. Kd2 a3
60. Kc1 Kd7 61. Nc3 Kc6 62. h6 gxh6 63. gxh6 Kd7 64. Nb5 Kc6 65. Nxa3 Kd5 66.
Nb5 Nd3+ 67. Kd2 Nf2 68. Kc3 Ne4+ 69. Kb4 Ng5 70. Kc3 Ne4+ 71. Kb4 Nf2 72. Nc7+
Kxd4 73. Nxe6+ Kxe5 74. Ng5 Kd4 75. Nxh7 1/2-1/2

[Event "Asuncion Mayor op"]
[Site "Asuncion"]
[Date "2001.??.??"]
[Round "2"]
[White "Cubas, Jose Fernando"]
[Black "Ferreira, Oscar"]
[Result "1-0"]
[WhiteElo "2290"]
[BlackElo "2268"]
[PlyCount "58"]
[EventDate "2001.07.??"]
[EventType "swiss"]
[EventRounds "11"]
[EventCountry "PAR"]
[SourceTitle "EXT 2003"]
[Source "ChessBase"]
[SourceDate "2002.11.25"]
[SourceVersion "1"]
[SourceVersionDate "2002.11.25"]
[SourceQuality "1"]

1. e4 c5 2. f4 d5 3. exd5 Qxd5 4. Nc3 Qd8 5. Nf3 Nf6 6. Ne5 Nbd7 7. Bb5 a6 8.
Bxd7+ Bxd7 9. Qf3 Qc7 10. b3 g6 11. Bb2 Bg7 12. O-O-O O-O 13. Rhe1 b5 14. Nxd7
Qxd7 15. Qe3 Ra7 16. Qxc5 Rc8 17. Qb4 Rac7 18. Kb1 Qf5 19. Rc1 e6 20. Re5 Qg4
21. g3 Qf3 22. Re3 Qh5 23. h4 Qf5 24. a3 Bf8 25. Qa5 Ng4 26. Re2 Rc6 27. Ne4
Bg7 28. Bxg7 Kxg7 29. Qb4 R8c7 1-0

[Event "Asuncion Mayor op"]
[Site "Asuncion"]
[Date "2001.??.??"]
[Round "3"]
[White "Sosa Harrison, Jorge"]
[Black "Cubas, Jose Fernando"]
[Result "1/2-1/2"]
[WhiteElo "2267"]
[BlackElo "2290"]
[PlyCount "98"]
[EventDate "2001.07.??"]
[EventType "swiss"]
[EventRounds "11"]
[EventCountry "PAR"]
[SourceTitle "EXT 2003"]
[Source "ChessBase"]
[SourceDate "2002.11.25"]
[SourceVersion "1"]
[SourceVersionDate "2002.11.25"]
[SourceQuality "1"]

1. Nf3 d5 2. b3 Nf6 3. Bb2 Bf5 4. g3 h6 5. Bg2 e6 6. O-O Be7 7. d3 O-O 8. Nbd2
a5 9. a4 c6 10. Re1 Bh7 11. e4 Na6 12. e5 Nd7 13. Nd4 Nb4 14. f4 Qb6 15. Kh1
Rfe8 16. Bh3 Bf8 17. Re2 c5 18. Nb5 Rad8 19. Ba3 Nb8 20. Bxb4 axb4 21. Qg1 Na6
22. g4 Nc7 23. Nxc7 Qxc7 24. Qf2 c4 25. dxc4 Bxc2 26. cxd5 exd5 27. Bg2 d4 28.
Rc1 d3 29. Ree1 b6 30. Be4 Bc5 31. Qg2 Qe7 32. Rxc2 dxc2 33. Bxc2 Qh4 34. Rf1
h5 35. gxh5 Qxh5 36. Ne4 Kf8 37. Ng3 Qh4 38. Nf5 Qh8 39. Rf3 g6 40. Rh3 Qg8 41.
Rg3 Rd7 42. Qh3 Red8 43. Qh6+ Ke8 44. Ng7+ Ke7 45. f5 Rd4 46. Qg5+ Kd7 47. e6+
Kc8 48. Qf6 Qh8 49. e7 Bxe7 1/2-1/2

[Event "Asuncion Mayor op"]
[Site "Asuncion"]
[Date "2001.??.??"]
[Round "4"]
[White "Cubas, Jose Fernando"]
[Black "Peralta, Eduardo"]
[Result "1/2-1/2"]
[WhiteElo "2290"]
[BlackElo "2312"]
[PlyCount "154"]
[EventDate "2001.07.??"]
[EventType "swiss"]
[EventRounds "11"]
[EventCountry "PAR"]
[SourceTitle "EXT 2003"]
[Source "ChessBase"]
[SourceDate "2002.11.25"]
[SourceVersion "1"]
[SourceVersionDate "2002.11.25"]
[SourceQuality "1"]

1. e4 c5 2. Nf3 Nc6 3. d4 cxd4 4. Nxd4 Nf6 5. Nc3 d6 6. Bc4 e6 7. O-O Be7 8.
Kh1 O-O 9. Bb3 d5 10. exd5 exd5 11. Bf4 a6 12. Qd3 Bc5 13. Nce2 Re8 14. Rad1
Nxd4 15. Nxd4 Re4 16. Be3 Ng4 17. Nf3 Nxe3 18. fxe3 Be6 19. Bxd5 Bxd5 20. Qxd5
Qxd5 21. Rxd5 Bxe3 22. Rd7 b5 23. Rxf7 Kxf7 24. Ng5+ Kg6 25. Nxe4 Re8 26. Ng3
Bd4 27. c3 Bf6 28. Rd1 h5 29. Kg1 h4 30. Nf1 b4 31. cxb4 Bxb2 32. Kf2 Re4 33.
Rd6+ Kh7 34. Kf3 Rxb4 35. Rxa6 Be5 36. h3 Rf4+ 37. Ke2 Bd4 38. Rd6 Bf6 39. Rd2
Ra4 40. Rc2 Ra3 41. Ne3 Bg5 42. Nc4 Rg3 43. Ke1 Be7 44. a4 Bb4+ 45. Kd1 Rg6 46.
Rb2 Bc3 47. Ra2 Rc6 48. Ne3 Kg6 49. Ke2 Ba5 50. Kd3 Kg5 51. Nc4 Ra6 52. Nxa5
Rxa5 53. Kc4 Kf4 54. Ra3 Ke5 55. Kb4 Ra8 56. Kb5 Kd6 57. Kb6 Rb8+ 58. Ka7 Rb2
59. g3 g5 60. gxh4 gxh4 61. a5 Rb4 62. Rc3 Ke5 63. a6 Kf4 64. Rd3 Rb1 65. Rd6
Rb3 66. Rb6 Rxh3 67. Rb4+ Kf5 68. Kb6 Ra3 69. Rb5+ Kg4 70. Ra5 Rf3 71. a7 Rf8
72. a8=Q Rxa8 73. Rxa8 h3 74. Kc5 h2 75. Rh8 Kg3 76. Kd4 Kg2 77. Ke3 h1=Q
1/2-1/2

[Event "Asuncion Mayor op"]
[Site "Asuncion"]
[Date "2001.??.??"]
[Round "5"]
[White "Cubas, Jose Fernando"]
[Black "Kropff, Ricardo"]
[Result "0-1"]
[WhiteElo "2290"]
[BlackElo "2311"]
[PlyCount "94"]
[EventDate "2001.07.??"]
[EventType "swiss"]
[EventRounds "11"]
[EventCountry "PAR"]
[SourceTitle "EXT 2003"]
[Source "ChessBase"]
[SourceDate "2002.11.25"]
[SourceVersion "1"]
[SourceVersionDate "2002.11.25"]
[SourceQuality "1"]

1. e4 c6 2. d4 d5 3. e5 Bf5 4. c3 e6 5. Be3 Nd7 6. Nd2 Ne7 7. f4 f6 8. Ngf3
fxe5 9. fxe5 Ng6 10. Be2 Be7 11. O-O O-O 12. h3 Nh4 13. Kh2 h6 14. g3 Nxf3+ 15.
Nxf3 Qb6 16. b4 a5 17. a3 Qc7 18. Bd3 b5 19. Kg2 Nb6 20. Bxf5 exf5 21. Nd2 Qd7
22. Qc2 Qe6 23. Rae1 Nc4 24. Nxc4 dxc4 25. Kh2 axb4 26. axb4 Ra3 27. Bc1 Ra1
28. Bd2 Rxe1 29. Bxe1 g6 30. Bd2 Bg5 31. h4 Bxd2 32. Qxd2 Kg7 33. g4 Qe7 34.
Kg3 fxg4 35. Rxf8 Qxf8 36. Kxg4 Qf5+ 37. Kg3 Qd3+ 38. Qxd3 cxd3 39. Kf3 g5 40.
hxg5 h5 41. c4 h4 42. d5 h3 43. cxb5 cxb5 44. d6 d2 45. Ke2 d1=Q+ 46. Kxd1 h2
47. d7 h1=Q+ 0-1

[Event "Asuncion Mayor op"]
[Site "Asuncion"]
[Date "2001.??.??"]
[Round "6"]
[White "Riline Orso, Alejandro"]
[Black "Cubas, Jose Fernando"]
[Result "0-1"]
[WhiteElo "2181"]
[BlackElo "2290"]
[PlyCount "81"]
[EventDate "2001.07.??"]
[EventType "swiss"]
[EventRounds "11"]
[EventCountry "PAR"]
[SourceTitle "EXT 2003"]
[Source "ChessBase"]
[SourceDate "2002.11.25"]
[SourceVersion "1"]
[SourceVersionDate "2002.11.25"]
[SourceQuality "1"]

1. d4 d5 2. c4 c6 3. Nf3 Nf6 4. Nc3 a6 5. cxd5 cxd5 6. Bg5 e6 7. e3 Be7 8. Bd3
O-O 9. O-O Nbd7 10. Rc1 b5 11. Bb1 Bb7 12. Ne5 Rc8 13. f4 g6 14. Rf3 Nb6 15.
Rh3 b4 16. Ne2 Ne4 17. Bh6 Re8 18. Bxe4 dxe4 19. Ng3 Rxc1 20. Qxc1 Qc8 21. Qb1
f6 22. Ng4 Qc6 23. Nf1 a5 24. Qe1 Ba6 25. Bg7 f5 26. Nf6+ Bxf6 27. Bxf6 Nd5 28.
Be5 Re7 29. Nd2 Qc2 30. Rg3 Qxb2 31. h4 Bb5 32. h5 Be8 33. hxg6 Bxg6 34. Nc4
Qc3 35. Qe2 Qd3 36. Kf2 Nc3 37. Qxd3 exd3 38. Rh3 a4 39. Rh1 Ne4+ 40. Kf3 Rb7
41. g3 0-1

[Event "Asuncion Mayor op"]
[Site "Asuncion"]
[Date "2001.??.??"]
[Round "7"]
[White "Cubas, Jose Fernando"]
[Black "Figari, Esteban"]
[Result "1-0"]
[WhiteElo "2290"]
[BlackElo "2161"]
[PlyCount "103"]
[EventDate "2001.07.??"]
[EventType "swiss"]
[EventRounds "11"]
[EventCountry "PAR"]
[SourceTitle "EXT 2003"]
[Source "ChessBase"]
[SourceDate "2002.11.25"]
[SourceVersion "1"]
[SourceVersionDate "2002.11.25"]
[SourceQuality "1"]

1. e4 c5 2. Nf3 Nc6 3. d4 cxd4 4. Nxd4 Nf6 5. Nc3 e6 6. Ndb5 Bb4 7. a3 Bxc3+ 8.
Nxc3 O-O 9. Bg5 Qa5 10. Qd2 Ng4 11. f3 Nge5 12. Be2 f6 13. Be3 a6 14. O-O b5
15. Bc5 Rf7 16. b4 Qd8 17. f4 Nc4 18. Bxc4 bxc4 19. Qe2 d6 20. Rad1 Rd7 21.
Qxc4 Qe7 22. Bf2 Bb7 23. Na4 Re8 24. Rd2 Nd8 25. Nb6 Rc7 26. Qd3 Nf7 27. c4 Rd8
28. Rfd1 g5 29. fxg5 Nxg5 30. Qg3 Qg7 31. Rxd6 Rxd6 32. Rxd6 h6 33. Rd8+ Kh7
34. Qxc7 Nf3+ 35. Kh1 Qxc7 36. Rd7+ Qxd7 37. Nxd7 Nd2 38. c5 Nxe4 39. Be1 Kg6
40. Nb8 Kf7 41. a4 Ke7 42. c6 Ba8 43. Nxa6 Bxc6 44. b5 Bd5 45. Nb4 Ba8 46. a5
Nd6 47. b6 Nc4 48. Na6 Bd5 49. Nc5 Kd6 50. b7 Kc7 51. a6 Ne5 52. Bg3 1-0

[Event "Asuncion Mayor op"]
[Site "Asuncion"]
[Date "2001.??.??"]
[Round "8"]
[White "Lipiniks, Leonardo"]
[Black "Cubas, Jose Fernando"]
[Result "0-1"]
[WhiteElo "2155"]
[BlackElo "2290"]
[PlyCount "60"]
[EventDate "2001.07.??"]
[EventType "swiss"]
[EventRounds "11"]
[EventCountry "PAR"]
[SourceTitle "EXT 2003"]
[Source "ChessBase"]
[SourceDate "2002.11.25"]
[SourceVersion "1"]
[SourceVersionDate "2002.11.25"]
[SourceQuality "1"]

1. e4 c5 2. Nf3 d6 3. c3 Nf6 4. Bb5+ Bd7 5. Bxd7+ Qxd7 6. d3 Nc6 7. O-O g6 8.
Re1 Bg7 9. Nbd2 O-O 10. Nf1 d5 11. e5 Ne8 12. d4 cxd4 13. cxd4 Nc7 14. b3 Ne6
15. Bb2 f6 16. exf6 Bxf6 17. Ne5 Bxe5 18. dxe5 d4 19. Qg4 Rf4 20. Qh3 Raf8 21.
Re2 Qd5 22. Ng3 Ng5 23. Qh6 Nxe5 24. Nh5 Ngf3+ 25. gxf3 Nxf3+ 26. Kf1 Nxh2+ 27.
Ke1 gxh5 28. Qe6+ Qxe6 29. Rxe6 Rxf2 30. Bxd4 Nf3+ 0-1

[Event "Asuncion Mayor op"]
[Site "Asuncion"]
[Date "2001.??.??"]
[Round "9"]
[White "Cubas, Jose Fernando"]
[Black "Vera Insfran, Jorge Enrique"]
[Result "1-0"]
[WhiteElo "2290"]
[BlackElo "2094"]
[PlyCount "57"]
[EventDate "2001.07.??"]
[EventType "swiss"]
[EventRounds "11"]
[EventCountry "PAR"]
[SourceTitle "EXT 2003"]
[Source "ChessBase"]
[SourceDate "2002.11.25"]
[SourceVersion "1"]
[SourceVersionDate "2002.11.25"]
[SourceQuality "1"]

1. e4 c5 2. Nf3 d6 3. d4 cxd4 4. Nxd4 Nf6 5. Nc3 g6 6. f4 Nc6 7. Nf3 Bg7 8. Bd3
O-O 9. O-O Bd7 10. Kh1 Rc8 11. Qe1 Nb4 12. Qh4 Qa5 13. e5 Nxd3 14. cxd3 dxe5
15. fxe5 Nd5 16. Bh6 Nxc3 17. bxc3 Qxc3 18. Bxg7 Kxg7 19. Qxe7 Bf5 20. d4 Rc7
21. Qf6+ Kg8 22. d5 Rfc8 23. d6 Rd7 24. Qg5 Rc5 25. Rac1 Bc2 26. Qh6 f6 27. e6
Rxd6 28. e7 Rc8 29. Ng5 1-0

[Event "Asuncion Mayor op"]
[Site "Asuncion"]
[Date "2001.??.??"]
[Round "11"]
[White "Cubas, Jose Fernando"]
[Black "Gamarra Caceres, Carlos"]
[Result "1-0"]
[WhiteElo "2290"]
[BlackElo "2296"]
[PlyCount "51"]
[EventDate "2001.07.??"]
[EventType "swiss"]
[EventRounds "11"]
[EventCountry "PAR"]
[SourceTitle "EXT 2003"]
[Source "ChessBase"]
[SourceDate "2002.11.25"]
[SourceVersion "1"]
[SourceVersionDate "2002.11.25"]
[SourceQuality "1"]

1. e4 c6 2. d4 g6 3. Nc3 Bg7 4. f4 d5 5. e5 Nh6 6. Nf3 b5 7. Be3 Na6 8. Be2 Nc7
9. Qd2 f6 10. a4 b4 11. Nd1 Rb8 12. b3 Bf5 13. Nf2 Be4 14. Nd3 Bxd3 15. Bxd3 f5
16. c3 a5 17. cxb4 Rxb4 18. Qc2 Qa8 19. Bd2 Rb6 20. Rb1 Ne6 21. g3 O-O 22. b4
axb4 23. Rxb4 Rxb4 24. Bxb4 Qa7 25. Qxc6 Kf7 26. Qxd5 1-0